عرض عادي
عرض مارك
- Musculoskeletal system
مدخل مصطلح موضوعي
001 - رقم الضبط
- حقل الضبط: 88453
003 - معرف رقم الضبط
- حقل الضبط: OSt
005 - تاريخ ووقت أخر عملية
- حقل الضبط: 20210305175939.0
008 - عناصر بيانات ثابتة الطول
- حقل تحكم ثابت الطول: 210305|| aca||aabn | a|a d
040 ## - مصدر الفهرسة
- هيئة الفهرسة الأصلية: OSt
- وكالة الكتابة: OSt
150 ## - مدخل-- مصطلح تاريخي
- عنصر مدخل المصطلح الموضوعي او الاسم الجغرافي: Musculoskeletal system
670 ## - بيانات المصدر موجوده
- الاستشهاد بالمصدر: Work cat.: (OSt)0: Cornwall, Mark W. (Mark Westover), 1952- author 88451, Imaging handbook for physical therapists /
